LEADER 01435nam a2200337 a 4500 001 000000138274 003 CaOOAMICUS 005 20140430130918.0 008 140430s1987 it u000 u ita r 020 $a88-396-0009-4 040 $aPUL$bita 082 04$a253 100 1 $aLuther, Martin,$d1483-1546.$0(OLS)http://pul/name/1508 245 10$aScritti pastorali minori /$cMartin Lutero ; introduzione, versione e note a cura di Stefano Cavallotto ; prefazione di Boris Ulianich. 260 $aNapoli :$bEdizioni Dehoniane,$c1987. 300 $aLXXII, 328 p. ;$c20 cm 504 $aInclude bibliografia in nota e indici. 650 4$aTeologia pastorale$ySec. XVI.$0(OLS)http://pul/subject/40488 700 1 $aCavallotto, Stefano.$0(OLS)http://pul/name/62495 700 1 $aUlianich, Boris.$0(OLS)http://pul/name/22903 850 $aPUL 852 $aPUL$W1$xSL Religione 3$y85$m253 LUTMA 1$j159472$qDDC 21$B159015$CPULBib$Z2$F159015 $H123884 $82 900 $aLuter, Martin,$d1483-1546$91508 900 $aMartin Lutero,$d1483-1546$91508 900 $aLutero, Martino,$d1483-1546$91508 941 1 $a9 996 $6020$a88-396-0009-4$9(OLS)http://pul/number/155124 996 $6082$a253$9(OLS)http://pul/classification/487 996 $6245$aScritti pastorali minori$9(OLS)http://pul/title/175032 996 $6260$aNapoli :$bEdizioni Dehoniane$9(OLS)http://pul/publisher/48083 LEADER 02045namaa2200373 a 4500 001 000000177018 003 CaOOAMICUS 005 20240701120620.0 008 240701s2023 it u000 u eng r 020 $a978-83-67065-44-3* 040 $aPUL$bita 082 1 $a270.5 100 1 $aPaulus Vladimiri,$dcirca 1370-1725.$0(OLS)http://pul/name/113795 245 10$aWritings (1416-1432) :$bthe struggle for the self-determination of Central Europe /$cPawe? W?odkowic ; translated by prof. Charles S. Kraszewski ; introduction and edited by prof. Paul W. Knoll ; foreword by prof. Ewa Thompson. 260 $aRoma :$bAngelicum University Press,$c2023$aWarsawa :$bFundacja ?wi?tego Miko?aja 300 $a664 pagine ;$c22 cm 500 $aSulla coperta: St. John Paul II Institute of Culture, Angelicum - Rome. 500 $aTesto in inglese e passi in latino. 504 $aBibliografia: pagine [641]-664. 611 24$aConcilium Constantiense$d(1414-1418).$0(OLS)http://pul/subject/3129 650 4$aDiplomazia$xStoria.$0(OLS)http://pul/subject/10376 700 1 $aThompson, Ewa M.,$d1937-$0(OLS)http://pul/name/113798 700 1 $aKraszewski, Charles S.,$d1962-$0(OLS)http://pul/name/113796 700 1 $aKnoll, Paul W.,$d1937-$0(OLS)http://pul/name/113797 710 0 $aPontificia Universitas S. Thomae in Urbe. St. John Paul II Institute of Culture.$0(OLS)http://pul/name/113799 850 $aPUL 852 $aPUL$W1$xSL Religione 3$y85$m270. 5 WLOPA 1$j201017$qDDC 21$B205974$CPULBib$Z2$F205974 $Hnull $82 941 1 $a9 996 $6020$a978-83-67065-44-3*$9(OLS)http://pul/number/169882 996 $6082$a270.5$9(OLS)http://pul/classification/2139 996 $6245$aWritings (1416-1432) :$bthe struggle for the self-determination of Central Europe$9(OLS)http://pul/title/218535 996 $6260$aRoma :$bAngelicum University Press$9(OLS)http://pul/publisher/81644 996 $6260$aWarsawa :$bFundacja ?wi?tego Miko?aja$9(OLS)http://pul/publisher/87612